[Event "C.to Mondiale U18 femminile"]
[Site "Durban RSA"]
[Date "2014.09.27"]
[Round "9"]
[White "Velikic, Adela"]
[Black "Colantuono, Virginia"]
[WhiteElo "2175"]
[BlackElo "1982"]
[Result "1-0"]
[PlyCount "97"]
[EventDate "2014.09.20"]

1. d4 Nf6 2. Nf3 g6 3. Nc3 d5 4. Bf4 Bg7 5. e3 O-O 6. Bd3 b6 7. O-O Bb7 8. Nb5
Ne8 9. c4 dxc4 10. Bxc4 Nd6 11. Be2 a6 12. Nc3 Nd7 13. Rc1 Rc8 14. Qd2 Re8 15.
Rfd1 Nf6 16. Ne5 Nfe4 17. Nxe4 Nxe4 18. Qc2 Nd6 19. Nc6 Qd7 20. Bf3 f6 21. Na7
Bxf3 22. gxf3 Ra8 23. Qxc7 Rxa7 24. Qxb6 Qb7 25. Qxb7 Rxb7 26. Bxd6 exd6 27. b3
Rb6 28. Rc7 Bf8 29. Rdc1 Re7 30. Rc8 Kf7 31. Kf1 h5 32. Ke2 d5 33. Rd8 Rb5 34.
Rcc8 Bg7 35. Rc5 Rxc5 36. dxc5 Bf8 37. Rxd5 Re5 38. Rxe5 fxe5 39. b4 Ke6 40.
Kd3 Kd5 41. e4+ Kc6 42. Kc4 h4 43. h3 Bh6 44. a4 Bd2 45. b5+ axb5+ 46. axb5+
Kc7 47. Kd5 Bb4 48. c6 Bc3 49. b6+ 1-0

[Event "C.to Mondiale U18 femminile"]
[Site "Durban RSA"]
[Date "2014.09.29"]
[Round "11"]
[White "Prince, Michelle Catherina"]
[Black "Colantuono, Virginia"]
[WhiteElo "2114"]
[BlackElo "1982"]
[Result "1/2-1/2"]
[PlyCount "91"]
[EventDate "2014.09.20"]

1. e4 c5 2. Nf3 d6 3. d4 cxd4 4. Nxd4 Nf6 5. Nc3 a6 6. Be3 e5 7. Nb3 Be6 8. h3
Nbd7 9. g4 Rc8 10. Qd2 b5 11. O-O-O Nb6 12. Qe1 Qc7 13. Bxb6 Qxb6 14. f3 Be7
15. h4 O-O 16. Kb1 b4 17. Nd5 Bxd5 18. exd5 a5 19. Bd3 a4 20. g5 axb3 21. gxf6
bxa2+ 22. Ka1 Bxf6 23. h5 h6 24. Rg1 Rfe8 25. Rg4 Rb8 26. Bc4 Rec8 27. Qe2 Qa5
28. Re4 Rc7 29. Rg1 Kf8 30. Qd3 Qc5 31. Rg2 Bg5 32. Reg4 Rbc8 33. Ba6 Ra8 34.
Bc4 Rac8 35. Ba6 Ra8 36. f4 e4 37. Qc4 Qxc4 38. Bxc4 Bxf4 39. Rxf4 Rxc4 40. Re2
b3 41. c3 Re8 42. Ref2 f6 43. Rxf6+ gxf6 44. Rxf6+ Kg7 45. Rf7+ Kg8 46. Rg7+
1/2-1/2

[Event "V Festival A"]
[Site "Montesilvano ITA"]
[Date "2014.09.21"]
[Round "5"]
[White "Capitelli, Paolo"]
[Black "Covello, Danilo"]
[Result "1-0"]
[WhiteElo "2086"]
[BlackElo "1976"]
[PlyCount "47"]
[EventDate "2014.09.19"]

1. e4 c5 2. Nf3 e6 3. d4 cxd4 4. Nxd4 a6 5. Bd3 Qc7 6. O-O Nf6 7. c4 d6 8. Nc3
Nc6 9. Nxc6 bxc6 10. f4 Be7 11. Be3 e5 12. f5 Bb7 13. Rc1 Qd7 14. Na4 Bd8 15.
Qe2 Rb8 16. Rcd1 O-O 17. Ba7 Ra8 18. Bf2 Re8 19. b3 d5 20. cxd5 cxd5 21. Nc5
Qe7 22. Nxb7 Qxb7 23. exd5 Nxd5 24. Qf3 1-0

[Event "V Festival A"]
[Site "Montesilvano ITA"]
[Date "2014.09.21"]
[Round "5"]
[White "Cerquitella, Luca"]
[Black "Di Donatantonio, Franco"]
[Result "1-0"]
[WhiteElo "2293"]
[BlackElo "2144"]
[PlyCount "47"]
[EventDate "2014.09.19"]

1. d4 Nf6 2. Bg5 c5 3. Bxf6 gxf6 4. c3 cxd4 5. cxd4 Qb6 6. Qd2 Nc6 7. e3 d5 8.
Nc3 e6 9. Bd3 Bb4 10. Nge2 Bd7 11. a3 Bxc3 12. Nxc3 Na5 13. Qe2 Rc8 14. Rb1 f5
15. O-O Nc4 16. Kh1 Qd8 17. Bxc4 Rxc4 18. f3 O-O 19. e4 Re8 20. exd5 exd5 21.
Qf2 Kh8 22. Rbd1 Be6 23. Rfe1 a6 24. Qe3 1-0

[Event "V Festival A"]
[Site "Montesilvano ITA"]
[Date "2014.09.21"]
[Round "5"]
[White "Fasiello, Andrea"]
[Black "Di Benedetto, Edoardo"]
[Result "1/2-1/2"]
[WhiteElo "1983"]
[BlackElo "2140"]
[PlyCount "83"]
[EventDate "2014.09.19"]

1. e4 e6 2. d4 d5 3. exd5 exd5 4. Bd3 Bd6 5. Ne2 Nf6 6. Bf4 O-O 7. O-O Re8 8.
Bxd6 Qxd6 9. Qd2 Nbd7 10. Na3 c6 11. c3 Nf8 12. Qf4 Qxf4 13. Nxf4 Bd7 14. Rfe1
Rxe1+ 15. Rxe1 Re8 16. Rxe8 Nxe8 17. Nc2 Nd6 18. f3 Bf5 19. Bxf5 Nxf5 20. Kf2
f6 21. Ne3 Nd6 22. Nd3 Kf7 23. Ke2 Ne6 24. Kf2 Ke7 25. Kg3 Kf7 26. Kf2 Kg6 27.
Kg3 Nc7 28. Nf4+ Kf7 29. Nd3 Na8 30. Kf2 Nb6 31. Nc5 Ke7 32. Ke2 Nd7 33. Nxd7
Kxd7 34. Kd2 Ke6 35. Ke2 h5 36. g3 g5 37. Kf2 Kf7 38. Ke2 Ke6 39. Kf2 a6 40.
Ke2 Kf7 41. Kf2 Kg6 42. Ke2 1/2-1/2

[Event "V Festival A"]
[Site "Montesilvano ITA"]
[Date "2014.09.21"]
[Round "5"]
[White "Parrini, Daniele"]
[Black "Pescatore, Lorenzo"]
[Result "1/2-1/2"]
[WhiteElo "2125"]
[BlackElo "2251"]
[PlyCount "54"]
[EventDate "2014.09.19"]

1. e4 c5 2. Nf3 Nc6 3. d4 cxd4 4. Nxd4 g6 5. c4 Nf6 6. Nc3 d6 7. f3 Nxd4 8.
Qxd4 Bg7 9. Be3 O-O 10. Qd2 Be6 11. Be2 Nd7 12. O-O a5 13. Na4 Qc7 14. Rac1 b6
15. b3 Nc5 16. Nc3 Qb7 17. Nb5 Bd7 18. Nd4 Rad8 19. Rfd1 Qb8 20. Kh1 Kh8 21.
Rb1 e5 22. Nb5 Bxb5 23. cxb5 f5 24. exf5 gxf5 25. Bc4 Qc7 26. Bd5 Qd7 27. Qe2
Qe7 1/2-1/2

[Event "V Festival A"]
[Site "Montesilvano ITA"]
[Date "2014.09.21"]
[Round "5"]
[White "Piccirillo, Edoardo"]
[Black "Di Lascio, Savino"]
[Result "1/2-1/2"]
[WhiteElo "2045"]
[BlackElo "1851"]
[PlyCount "101"]
[EventDate "2014.09.19"]

1. Nf3 Nf6 2. g3 b5 3. Bg2 Bb7 4. O-O g6 5. c3 a6 6. a4 Nc6 7. d4 d5 8. Bf4 Bg7
9. axb5 axb5 10. Rxa8 Bxa8 11. Qb3 Nh5 12. Qxb5 Nxf4 13. gxf4 O-O 14. Ne5 Qd6
15. b4 Rb8 16. Qxd5 Qxd5 17. Bxd5 Nxd4 18. Bxf7+ Kf8 19. Bc4 Bxe5 20. fxe5 Nf5
21. Nd2 Rd8 22. Nb3 Bd5 23. Rd1 e6 24. Bxd5 exd5 25. f4 Nh4 26. Kf2 c6 27. e4
Ke7 28. Na5 Rc8 29. Kg3 g5 30. exd5 cxd5 31. fxg5 Ng6 32. Rd3 Nxe5 33. Re3 Kd6
34. Nb7+ Ke6 35. Nc5+ Kf5 36. h4 h6 37. gxh6 Rg8+ 38. Kh3 Kf4 39. h7 Rh8 40.
Re1 Rxh7 41. Ne6+ Kf5 42. Ng5 Rc7 43. Re3 Rc4 44. Nf3 Ng4 45. Re8 Rxc3 46. Rf8+
Nf6 47. Kg2 Rc2+ 48. Kg3 Rc3 49. Kg2 Rc2+ 50. Kg3 Rc3 51. Kg2 1/2-1/2

[Event "II Sinquefield Cup"]
[Site "Saint Louis USA"]
[Date "2014.08.27"]
[Round "1"]
[White "Topalov, Veselin"]
[Black "Caruana, Fabiano"]
[WhiteElo "2772"]
[BlackElo "2801"]
[Result "0-1"]
[EventDate "2014.08.27"]

1.Nf3 Nf6 2.c4 c5 3.Nc3 Nc6 4.g3 d5 5.cxd5 Nxd5 6.Bg2 Nc7 7.O-O e5 8.a3 
Rb8 9.d3 Be7 10.Be3 O-O 11.Rc1 Bd7 12.Nd2 Nd4 13.Nc4 f6 14.f4 exf4 15.Bxf4
Nde6 16.Bd2 b6 17.g4 Be8 18.Be1 b5 19.Ne3 Bd6 20.Ncd5 Nxd5 21.Bxd5 Bf7 22.
Nf5 Be5 23.Qd2 Nd4 24.Bxf7+ Rxf7 25.Rd1 Nxf5 26.gxf5 Qd4+ 27.Bf2 Qg4+ 28.
Kh1 c4 29.Qc2 Re8 30.dxc4 Qh5 31.h4 Qg4 32.Qd3 bxc4 33.Qe3 Rfe7 34.b3 Bb2 
0-1

[Event "II Sinquefield Cup"]
[Site "Saint Louis USA"]
[Date "2014.08.28"]
[Round "2"]
[White "Caruana, Fabiano"]
[Black "Vachier-Lagrave, Maxime"]
[WhiteElo "2801"]
[BlackElo "2768"]
[Result "1-0"]
[EventDate "2014.08.27"]

1.e4 c6 2.d4 d5 3.e5 Bf5 4.Nf3 e6 5.Be2 c5 6.Be3 Qb6 7.Nc3 Nc6 8.O-O Qxb2 
9.Qe1 cxd4 10.Bxd4 Nxd4 11.Nxd4 Bb4 12.Ndb5 Ba5 13.Rb1 Qxc2 14.Rc1 Qb2 15.
g4 Bg6 16.f4 Be4 17.Rf2 Nh6 18.Bd3 Qb4 19.Rb1 Qc5 20.Nxe4 dxe4 21.Qxa5 O-O
22.Be2 e3 23.Rff1 Rfc8 24.Qe1 Qd5 25.Rb2 f6 26.Qg3 fxe5 27.fxe5 Rf8 28.
Rxf8+ Rxf8 29.Qxe3 Nf7 30.Nc3 1-0

[Event "II Sinquefield Cup"]
[Site "Saint Louis USA"]
[Date "2014.08.30"]
[Round "4"]
[White "Caruana, Fabiano"]
[Black "Aronian, Levon"]
[WhiteElo "2801"]
[BlackElo "2805"]
[Result "1-0"]
[EventDate "2014.08.27"]

1.e4 e5 2.Nf3 Nc6 3.Bb5 a6 4.Ba4 Nf6 5.O-O Be7 6.d3 b5 7.Bb3 O-O 8.Nc3 d6 
9.a3 Na5 10.Ba2 Be6 11.Bxe6 fxe6 12.b4 Nc6 13.Bd2 d5 14.Re1 Qd6 15.Na2 Nd7
16.Qe2 d4 17.Reb1 Nb6 18.Nc1 Na4 19.Nb3 Rf7 20.Rc1 Rd8 21.Ng5 Rf6 22.Qh5 
h6 23.Nf3 Rdf8 24.Rf1 R8f7 25.Rae1 Bf8 26.h3 g6 27.Qh4 Qe7 28.Qg3 Bg7 29.
Na5 Nxa5 30.Nxe5 Nb7 31.Nxg6 Qd8 32.e5 Rf5 33.f4 c5 34.Nh4 Rh5 35.Nf3 Kh7 
36.Qg4 Rhf5 37.Nh4 Kh8 38.Nxf5 Rxf5 39.Qg6 Qe7 40.g4 Rf8 41.f5 Qe8 42.Qxe8
Rxe8 43.f6 Bf8 44.f7 Re7 45.Rf6 Nb6 46.Bxh6 Nd7 47.Ref1 cxb4 48.axb4 Bxh6 
49.Rxh6+ Kg7 50.Rh5 1-0

[Event "II Sinquefield Cup"]
[Site "Saint Louis USA"]
[Date "2014.08.31"]
[Round "5"]
[White "Nakamura, Hikaru"]
[Black "Caruana, Fabiano"]
[WhiteElo "2787"]
[BlackElo "2801"]
[Result "0-1"]
[EventDate "2014.08.27"]

1.d4 d5 2.c4 c6 3.Nf3 Nf6 4.Nbd2 Bf5 5.Nh4 Be4 6.f3 Bg6 7.e3 e6 8.g3 Be7 
9.a3 Nbd7 10.cxd5 cxd5 11.Nxg6 hxg6 12.Bd3 e5 13.O-O O-O 14.Qb3 Qc8 15.Nb1
exd4 16.exd4 Nb8 17.Nc3 Nc6 18.Be3 Qd7 19.Rad1 Rfd8 20.Rfe1 Ne8 21.Bf2 Nc7
22.Bf1 Bf6 23.Qa2 g5 24.b4 g6 25.Qd2 Kg7 26.b5 Ne7 27.Be3 Ne6 28.Bh3 Nf5 
29.Bxf5 gxf5 30.f4 g4 31.Qd3 Rac8 32.Rc1 Rc4 33.Ne2 Nc7 34.Nc3 Rc8 35.h3 
gxh3 36.Kh2 Nxb5 37.Nxb5 Qxb5 38.Kxh3 Qd7 39.Kg2 b5 40.Rb1 a6 41.Rbc1 Qe6 
42.Bf2 Rxc1 43.Rxe6 fxe6 44.g4 fxg4 45.Qe2 Kf7 46.Qd3 R1c2 47.Qh7+ Ke8 48.
f5 Bxd4 49.Qg6+ Kd8 50.Qxe6 Rxf2+ 51.Kg3 Rc3+ 52.Kxg4 Rg2+ 53.Kf4 Rf2+ 54.
Kg4 Kc7 55.Qe7+ Kb6 56.Qd8+ Rc7 57.Qxd5 Bc5 58.Qd8 Kb7 59.f6 Bxa3 60.Qd5+ 
Kb6 61.Qd8 Bc5 62.Qb8+ Rb7 63.Qd8+ Ka7 64.Qd5 Bb6 65.Kg5 Rc7 66.Kg6 b4 67.
Qe6 Bd4 0-1

[Event "II Sinquefield Cup"]
[Site "Saint Louis USA"]
[Date "2014.09.02"]
[Round "6"]
[White "Caruana, Fabiano"]
[Black "Topalov, Veselin"]
[WhiteElo "2801"]
[BlackElo "2772"]
[Result "1-0"]
[EventDate "2014.08.27"]

1.e4 c5 2.Nf3 e6 3.d4 cxd4 4.Nxd4 Nc6 5.Nc3 a6 6.Nxc6 bxc6 7.Bd3 d5 8.O-O 
Nf6 9.Re1 Be7 10.e5 Nd7 11.Qg4 Kf8 12.Na4 Qa5 13.Re2 h5 14.Qf4 g5 15.Bd2 
Qc7 16.Qg3 h4 17.Qg4 Rg8 18.Rae1 c5 19.c4 dxc4 20.Bxc4 Bb7 21.h3 Rd8 22.
Bc3 Nb8 23.Re3 Nc6 24.Bxe6 fxe6 25.Rf3+ Ke8 26.Qxe6 Rg7 27.Qh6 Nd4 28.e6 
Nxf3+ 29.gxf3 Bf8 30.Qh5+ Ke7 31.Bxg7 1-0

[Event "II Sinquefield Cup"]
[Site "Saint Louis USA"]
[Date "2014.09.03"]
[Round "7"]
[White "Vachier-Lagrave, Maxime"]
[Black "Caruana, Fabiano"]
[WhiteElo "2768"]
[BlackElo "2801"]
[Result "0-1"]
[EventDate "2014.08.27"]

1.d4 d5 2.c4 e6 3.Nc3 Be7 4.Bf4 Nf6 5.e3 O-O 6.Rc1 Nbd7 7.c5 Ne4 8.Bd3 f5 
9.Nf3 c6 10.Ne5 Nxe5 11.Bxe5 Bf6 12.Bxf6 Qxf6 13.Ne2 e5 14.Qa4 Qh4 15.g3 
Qg4 16.Rf1 Ng5 17.Kd2 Nf3+ 18.Kc3 Nxh2 19.Rh1 Nf3 20.Qa5 Qg5 21.dxe5 Qe7 
22.Nd4 Nxe5 23.b3 b6 24.cxb6 c5 25.Nb5 Bb7 26.bxa7 d4+ 27.exd4 Nxd3 28.
Kxd3 Bxh1 29.Rxc5 Qe4+ 30.Kc4 Qe2+ 31.Kb4 Qd2+ 32.Rc3 Bc6 33.a4 Bxb5 34.
Kxb5 Qxd4 35.Rc7 Rfd8 36.Qb6 Rd5+ 37.Ka6 Rd6 38.a5 Qd3+ 39.Kb7 Qd5+ 0-1

[Event "II Sinquefield Cup"]
[Site "Saint Louis USA"]
[Date "2014.09.04"]
[Round "8"]
[White "Caruana, Fabiano"]
[Black "Carlsen, Magnus"]
[WhiteElo "2801"]
[BlackElo "2877"]
[Result "1/2-1/2"]
[EventDate "2014.08.27"]

1.e4 c5 2.Nf3 Nc6 3.d4 cxd4 4.Nxd4 g6 5.c4 Nf6 6.Nc3 d6 7.f3 Nxd4 8.Qxd4 
Bg7 9.Be3 O-O 10.Qd2 a5 11.b3 a4 12.b4 Be6 13.Rc1 Nd7 14.Be2 Nb6 15.Nb5 a3
16.Nd4 Bd7 17.h4 h5 18.g4 hxg4 19.fxg4 e5 20.Nb3 Bc6 21.Bf3 f5 22.gxf5 
gxf5 23.Na5 f4 24.Bf2 Na4 25.Nxc6 bxc6 26.O-O c5 27.b5 Bf6 28.Kh1 Nb6 29.
Rcd1 Kh8 30.Qxd6 Qxd6 31.Rxd6 Nxc4 32.Rd5 Ne3 33.Bxe3 fxe3 34.Be2 Bxh4 35.
Rf5 Rxf5 36.exf5 Rd8 37.Rxd8+ Bxd8 38.Kg2 Kg7 39.Kf3 Kf6 40.Ke4 c4 41.Bxc4
Bb6 42.Bd3 1/2-1/2

[Event "II Sinquefield Cup"]
[Site "Saint Louis USA"]
[Date "2014.09.05"]
[Round "9"]
[White "Caruana, Fabiano"]
[Black "Nakamura, Hikaru"]
[WhiteElo "2801"]
[BlackElo "2787"]
[Result "1/2-1/2"]
[EventDate "2014.08.27"]

1.e4 e5 2.Nf3 Nc6 3.Bb5 Nf6 4.O-O Nxe4 5.d4 Nd6 6.Bxc6 dxc6 7.dxe5 Nf5 8.
Qxd8+ Kxd8 9.h3 Ke8 10.Nc3 h5 11.Bf4 Be7 12.Rad1 Be6 13.Ng5 Rh6 14.Rfe1 
Bb4 15.g4 hxg4 16.hxg4 Ne7 17.Nxe6 Rxe6 18.Kg2 Rd8 19.Rxd8+ Kxd8 20.Rd1+ 
Kc8 21.Bg3 Bxc3 22.bxc3 Rg6 23.Rd4 f5 24.Bh4 c5 25.Rf4 Nd5 26.Rxf5 Rxg4+ 
27.Bg3 Kd8 28.Kh3 Rg6 29.c4 Ne7 30.Rf8+ Kd7 31.f4 Ke6 32.Bh4 Rh6 33.Re8 g5
34.fxg5 Rg6 35.Kg4 Kf7 36.Rh8 Ra6 37.Rh7+ Kf8 38.Rh6 Ng6 39.Kf5 Kg7 40.Bf2
Ne7+ 41.Ke4 Ra4 42.Re6 Nc6 43.Kf5 Rxc4 44.Rg6+ Kf8 45.Rf6+ Kg8 46.g6 Rxc2 
47.Be3 Nd4+ 48.Bxd4 cxd4 49.Rf7 d3 50.Rd7 Rf2+ 51.Kg5 Rg2+ 52.Kf6 Rf2+ 53.
Kg5 Rg2+ 54.Kf6 Rf2+ 55.Kg5 Rg2+ 1/2-1/2

[Event "II Sinquefield Cup"]
[Site "Saint Louis USA"]
[Date "2014.09.06"]
[Round "10"]
[White "Aronian, Levon"]
[Black "Caruana, Fabiano"]
[WhiteElo "2805"]
[BlackElo "2801"]
[Result "1/2-1/2"]
[EventDate "2014.08.27"]

1.Nf3 c5 2.c4 Nc6 3.Nc3 Nf6 4.g3 d5 5.d4 e6 6.cxd5 Nxd5 7.Bg2 cxd4 8.Nxd4 
Nxc3 9.bxc3 Nxd4 10.cxd4 Bb4+ 11.Kf1 O-O 12.Rb1 Bd6 13.h4 Rb8 14.h5 h6 15.
e4 b6 16.Be3 e5 17.dxe5 Bxe5 18.f4 Qxd1+ 19.Rxd1 Bg4 20.Rd5 Bb2 21.Rb5 Ba3
22.Bh3 Bxh3+ 23.Rxh3 Rbc8 24.Rh2 Rfd8 25.Rb3 Bc1 26.Re2 Bxe3 27.Rbxe3 Kf8 
28.e5 Rc5 29.Kg2 Ke7 30.Rb2 Rdc8 1/2-1/2

[Event "III Weekend A"]
[Site "Lesa ITA"]
[Date "2014.09.19"]
[Round "1"]
[White "Agnello, Francesco Claudio"]
[Black "Paleologu, Vladimir"]
[WhiteElo "1884"]
[BlackElo "2151"]
[Result "0-1"]
[PlyCount "30"]
[EventDate "2014.09.19"]

1. e4 d6 2. d4 Nf6 3. Nc3 Nbd7 4. f4 e5 5. Nf3 exd4 6. Nxd4 g6 7. Bc4 Bg7 8.
O-O O-O 9. h3 Re8 10. Re1 c6 11. Qf3 d5 12. Bd3 dxe4 13. Bxe4 Nxe4 14. Rxe4
Rxe4 15. Qxe4 Nc5 0-1

[Event "III Weekend A"]
[Site "Lesa ITA"]
[Date "2014.09.19"]
[Round "1"]
[White "Buzio, Alberto"]
[Black "Bonferroni, Thierry"]
[WhiteElo "1852"]
[BlackElo "1925"]
[Result "1-0"]
[PlyCount "71"]
[EventDate "2014.09.19"]

1. e4 g6 2. d4 Bg7 3. Nf3 d6 4. Bc4 Nf6 5. Nc3 O-O 6. O-O c6 7. Qe2 b5 8. Bd3
Nbd7 9. Bf4 Nh5 10. Be3 e5 11. d5 b4 12. dxc6 bxc3 13. cxd7 Qxd7 14. bxc3 f5
15. exf5 gxf5 16. Ng5 Nf6 17. Rad1 f4 18. Bc1 Qe7 19. Ne4 Be6 20. Nxf6+ Rxf6
21. Be4 Raf8 22. f3 Rh6 23. Ba3 Qh4 24. h3 Bxh3 25. Rxd6 Rh5 26. Qf2 Qg5 27.
Rfd1 Kh8 28. Kf1 Bc8 29. Ke2 Rh2 30. Rg1 Bh3 31. Kd1 Rb8 32. Kc1 Qe7 33. Ra6
Qc7 34. Qh4 h6 35. Rxh6+ Kg8 36. Bd5+ 1-0

[Event "III Weekend A"]
[Site "Lesa ITA"]
[Date "2014.09.19"]
[Round "1"]
[White "Floris, Federico"]
[Black "Boschetti, Claudio"]
[WhiteElo "1867"]
[BlackElo "2109"]
[Result "1-0"]
[PlyCount "67"]
[EventDate "2014.09.19"]

1. e4 e5 2. Nf3 Nc6 3. Bc4 Nf6 4. Ng5 d5 5. exd5 Nd4 6. c3 b5 7. Bf1 Nxd5 8.
Ne4 Qh4 9. Ng3 Bg4 10. f3 e4 11. cxd4 Bd6 12. Bxb5+ Kd8 13. O-O exf3 14. Rxf3
Rb8 15. Be2 Bxf3 16. Bxf3 Qxd4+ 17. Kf1 Nb4 18. Ne2 Qh4 19. d4 Qxh2 20. a3 Qh1+
21. Ng1 Re8 22. Nc3 Bh2 23. Nce2 Bxg1 24. Nxg1 Na6 25. b4 Rb6 26. d5 Nb8 27.
Bf4 Qh4 28. Nh3 h6 29. Rc1 Re7 30. Qc2 Na6 31. d6 Rd7 32. dxc7+ Kc8 33. Qe4
Rxc7 34. Bxc7 1-0

[Event "III Weekend A"]
[Site "Lesa ITA"]
[Date "2014.09.19"]
[Round "1"]
[White "Mantovan, Giuseppe"]
[Black "D'avino, Gianfranco"]
[WhiteElo "1807"]
[BlackElo "1890"]
[Result "1-0"]
[PlyCount "61"]
[EventDate "2014.09.19"]

1. d4 Nf6 2. c4 g6 3. Nc3 d5 4. cxd5 Nxd5 5. Bd2 Nb6 6. e4 Qxd4 7. Nf3 Qd8 8.
h4 h5 9. Qc2 Bg7 10. Rd1 Bd7 11. a4 Nc6 12. Bb5 Qc8 13. Bf4 O-O 14. Qc1 a6 15.
Be2 Na5 16. Be5 Bxa4 17. Bxg7 Kxg7 18. Nxa4 Nxa4 19. Qa1 Nxb2 20. Qxb2+ Kg8 21.
O-O Nc6 22. Bc4 Na7 23. Qd2 Kg7 24. Qe3 Nc6 25. Bd5 Qe8 26. Qc3+ Kg8 27. Rb1
Na7 28. Qxc7 Nb5 29. Qg3 Nc3 30. Rbe1 Qa4 31. Qxg6+ 1-0

[Event "III Weekend A"]
[Site "Lesa ITA"]
[Date "2014.09.19"]
[Round "1"]
[White "Medici, Simone"]
[Black "Bonferroni, Carlo"]
[WhiteElo "2074"]
[BlackElo "1864"]
[Result "1-0"]
[PlyCount "49"]
[EventDate "2014.09.19"]

1. d4 e6 2. c4 Bb4+ 3. Bd2 a5 4. a3 Bxd2+ 5. Nxd2 Nf6 6. e4 d6 7. f4 O-O 8.
Ngf3 b6 9. Bd3 Bb7 10. e5 Nfd7 11. Bxh7+ Kxh7 12. Ng5+ Kg6 13. Qg4 f5 14. Qg3
Qe7 15. Nxe6+ Kh7 16. d5 Rh8 17. Nf3 Kg8 18. Nfd4 dxe5 19. Nxf5 Qf6 20. O-O Rh7
21. fxe5 Nxe5 22. Qxe5 Nd7 23. Qxc7 Qe5 24. Ne7+ Kh8 25. Ng6+ 1-0

[Event "III Weekend A"]
[Site "Lesa ITA"]
[Date "2014.09.19"]
[Round "1"]
[White "Montilli, Vincenzo"]
[Black "Gemelli, Giovanni"]
[WhiteElo "2129"]
[BlackElo "1879"]
[Result "1-0"]
[PlyCount "127"]
[EventDate "2014.09.19"]

1. Nf3 Nf6 2. c4 g6 3. g3 Bg7 4. Bg2 O-O 5. O-O d6 6. Nc3 c5 7. d4 Nc6 8. dxc5
dxc5 9. Be3 Nd7 10. Qc1 Re8 11. Rd1 Qa5 12. Ne4 f5 13. Bd2 Qb6 14. Nc3 e6 15.
Rb1 Nd4 16. e3 Nxf3+ 17. Bxf3 Nf6 18. Na4 Qc7 19. b4 Bd7 20. Nxc5 Bc6 21. Be2
b6 22. Nb3 e5 23. b5 Be4 24. Rb2 Bf8 25. f3 Bb7 26. Rc2 Nd7 27. Bc3 Nc5 28.
Rcd2 f4 29. Nxc5 Qxc5 30. Rd7 Bc8 31. R7d5 Qc7 32. Qb2 Bc5 33. Bxe5 Bxe3+ 34.
Kg2 Qf7 35. g4 Be6 36. Rd6 h5 37. h3 Bc5 38. Rc6 Rad8 39. Rxd8 Rxd8 40. Rc7 Be7
41. Rxe7 Qxe7 42. Bf6 Qd7 43. Bxd8 Qxd8 44. Qe5 Qe8 45. c5 Bf7 46. Qxe8+ Bxe8
47. c6 Kf8 48. Bc4 Ke7 49. Kf2 Kd6 50. Ke2 hxg4 51. hxg4 g5 52. Kd3 Kc5 53. Kc3
Kd6 54. Kd4 a6 55. a4 axb5 56. axb5 Bg6 57. Be2 Bf7 58. Bc4 Be8 59. Bd5 Bg6 60.
c7 Kxc7 61. Ke5 Bd3 62. Bc6 Be2 63. Kf6 Kd6 64. Kxg5 1-0

[Event "III Weekend A"]
[Site "Lesa ITA"]
[Date "2014.09.19"]
[Round "1"]
[White "Sbarra, Marco"]
[Black "Hofmann, Colin"]
[WhiteElo "2192"]
[BlackElo "1888"]
[Result "1-0"]
[PlyCount "83"]
[EventDate "2014.09.19"]

1. d4 Nf6 2. c4 e6 3. Nc3 Bb4 4. e3 O-O 5. Bd3 c5 6. Nge2 d5 7. a3 Bxc3+ 8.
Nxc3 cxd4 9. exd4 dxc4 10. Bxc4 Nc6 11. Be3 Qe7 12. O-O Rd8 13. Qd2 b6 14. Rad1
Bb7 15. Rfe1 Na5 16. Ba2 Nd5 17. Bg5 f6 18. Bh4 Nxc3 19. Rxe6 Qf7 20. bxc3 Bd5
21. Bxd5 Rxd5 22. Qe2 Rad8 23. Re7 Qh5 24. Qe6+ Kf8 25. Re1 R5d6 26. Qe4 Nc4
27. Rxa7 Re8 28. Qxe8+ Qxe8 29. Rxe8+ Kxe8 30. Rxg7 Nxa3 31. f3 Nb5 32. Be1 Rc6
33. d5 Rc5 34. Rxh7 Nxc3 35. Bxc3 Rxc3 36. Rb7 Rb3 37. h4 b5 38. h5 Kf8 39. h6
Kg8 40. d6 Rd3 41. d7 Kf8 42. h7 1-0

[Event "III Weekend A"]
[Site "Lesa ITA"]
[Date "2014.09.19"]
[Round "1"]
[White "Velluti, Alberto"]
[Black "Giambrone, Salvatore"]
[WhiteElo "1924"]
[BlackElo "1814"]
[Result "1-0"]
[PlyCount "117"]
[EventDate "2014.09.19"]

1. e4 e6 2. d4 d5 3. exd5 exd5 4. Bd3 Nf6 5. Nf3 Bd6 6. O-O O-O 7. Bg5 Bg4 8.
Nbd2 Nbd7 9. c4 c6 10. Qc2 Qb8 11. Rfe1 Bf4 12. Bh4 dxc4 13. Bxc4 Qd6 14. Bg3
Rae8 15. Bd3 Bh5 16. Nc4 Qc7 17. Nfe5 Bxg3 18. hxg3 b5 19. Nxd7 Qxd7 20. Ne5
Qxd4 21. Nxc6 Qb6 22. Ne7+ Kh8 23. Re5 Bg6 24. Nxg6+ fxg6 25. Rxb5 Qd6 26. Rd1
Rc8 27. Qe2 Rfe8 28. Qf3 Qe6 29. a3 Ng4 30. Qd5 Qf6 31. Qf3 Qe6 32. Rg5 h5 33.
Rxg6 Qe7 34. Qf5 Rc5 35. Re6 Rxf5 36. Rxe7 Rd8 37. f3 Rfd5 38. fxg4 Rxd3 39.
Rxd3 Rxd3 40. gxh5 Rxg3 41. Rb7 Kh7 42. Kf2 Rd3 43. a4 Kh6 44. b4 Rb3 45. b5
Rb2+ 46. Kg3 Rb3+ 47. Kh2 Rb4 48. Rxa7 Kxh5 49. Ra6 g5 50. b6 Rb3 51. a5 g4 52.
Ra8 Kh4 53. Rh8+ Kg5 54. Rh7 Kg6 55. Rh8 Kg7 56. Rh4 g3+ 57. Kh3 Ra3 58. b7 Rb3
59. a6 1-0

[Event "III Weekend A"]
[Site "Lesa ITA"]
[Date "2014.09.20"]
[Round "2"]
[White "Bonferroni, Thierry"]
[Black "Agnello, Francesco Claudio"]
[WhiteElo "1925"]
[BlackElo "1884"]
[Result "1-0"]
[PlyCount "65"]
[EventDate "2014.09.19"]

1. e4 e5 2. Nf3 Nc6 3. Bc4 Bc5 4. c3 Nf6 5. d3 O-O 6. O-O d6 7. b4 Bb6 8. a4 a5
9. b5 Ne7 10. Nbd2 Ng6 11. Bb3 d5 12. Qc2 c5 13. exd5 Nxd5 14. Nc4 Bc7 15. Bg5
Qd7 16. Rfe1 Re8 17. Ne3 Ndf4 18. Bxf4 Nxf4 19. Ng5 Rf8 20. d4 g6 21. Ne4 Kg7
22. dxc5 Qe7 23. Rad1 Bf5 24. Nxf5+ gxf5 25. Nd6 Qg5 26. Nxf5+ Kg6 27. Ng3+ Kg7
28. Qf5 Qxf5 29. Nxf5+ Kf6 30. Nd6 b6 31. c6 Rg8 32. g3 Rae8 33. Nxf7 1-0

[Event "III Weekend A"]
[Site "Lesa ITA"]
[Date "2014.09.20"]
[Round "2"]
[White "Boschetti, Claudio"]
[Black "Mantovan, Giuseppe"]
[WhiteElo "2109"]
[BlackElo "1807"]
[Result "1-0"]
[PlyCount "55"]
[EventDate "2014.09.19"]

1. e4 e6 2. Nf3 d5 3. Nc3 Nf6 4. e5 Nfd7 5. d4 c5 6. dxc5 Nc6 7. Bf4 Nxc5 8.
Bd3 Be7 9. h4 Bd7 10. h5 h6 11. Qe2 Nxd3+ 12. cxd3 Qb6 13. O-O-O Rc8 14. Kb1
Nd4 15. Nxd4 Qxd4 16. Qg4 Bf8 17. Qg3 Qb6 18. Ka1 d4 19. Ne4 Rc2 20. Rb1 Bc6
21. Rhc1 Rxc1 22. Rxc1 a5 23. Nd6+ Bxd6 24. Qxg7 Be7 25. Qxh8+ Kd7 26. Bxh6 a4
27. Bd2 Bd5 28. Qc8# 1-0

[Event "III Weekend A"]
[Site "Lesa ITA"]
[Date "2014.09.20"]
[Round "2"]
[White "Buzio, Alberto"]
[Black "Montilli, Vincenzo"]
[WhiteElo "1852"]
[BlackElo "2129"]
[Result "0-1"]
[PlyCount "60"]
[EventDate "2014.09.19"]

1. e4 e6 2. d4 d5 3. Nc3 Nf6 4. e5 Nfd7 5. Nf3 c5 6. Bb5 Be7 7. O-O O-O 8. Re1
Nc6 9. Bf4 Qb6 10. Bxc6 bxc6 11. Na4 Qa5 12. b3 Ba6 13. Ng5 h6 14. Nf3 Rac8 15.
Bd2 Qc7 16. c3 cxd4 17. cxd4 c5 18. dxc5 Nxc5 19. Rc1 Qb7 20. Nxc5 Bxc5 21. Bf4
Ba3 22. Rxc8 Rxc8 23. Nd4 Qb4 24. Qd2 Qc5 25. Qe3 Bb2 26. Rd1 g5 27. Bxg5 Bxd4
28. Rxd4 hxg5 29. Qxg5+ Kf8 30. Qh6+ Ke8 0-1

[Event "III Weekend A"]
[Site "Lesa ITA"]
[Date "2014.09.20"]
[Round "2"]
[White "D'avino, Gianfranco"]
[Black "Gemelli, Giovanni"]
[WhiteElo "1890"]
[BlackElo "1879"]
[Result "1/2-1/2"]
[PlyCount "98"]
[EventDate "2014.09.19"]

1. d4 Nf6 2. c4 g6 3. g3 Bg7 4. Bg2 O-O 5. Nc3 d6 6. Nf3 c5 7. O-O Nc6 8. d5
Na5 9. Qd3 e6 10. e4 Ne8 11. Bf4 e5 12. Bd2 f5 13. Rab1 Nf6 14. Ne1 Nh5 15. b4
cxb4 16. Rxb4 b6 17. Qe2 Nf6 18. f3 Qd7 19. Nc2 Ba6 20. Nb5 Rac8 21. a4 Bxb5
22. axb5 Rc7 23. Ra1 Rfc8 24. Raa4 Qf7 25. Ne3 f4 26. Bh3 fxe3 27. Be6 exd2 28.
Bxf7+ Rxf7 29. Qxd2 Nd7 30. Qe2 Nc5 31. Ra3 Bh6 32. Rc3 Rff8 33. Kg2 Kg7 34. h4
g5 35. hxg5 Bxg5 36. Rb2 h6 37. Ra3 Rf7 38. Qc2 Kg8 39. Rc3 Kg7 40. Qd1 Rff8
41. Rbc2 Rf7 42. Kh3 Rff8 43. Ra2 Rf7 44. Kg2 Rff8 45. Qc2 Rf7 46. Raa3 Kg8 47.
Ra1 Kg7 48. Rh1 Kg8 49. Rh5 Kg7 1/2-1/2